MARC

LEADER 00000nam0a2200000 4500
001 162330
005 20231031160331.0
010 |a 5211028295 
020 |a RU  |b 92-8099 
035 |a (RuTPU)RU\TPU\book\176048 
090 |a 162330 
100 |a 20090619d1991 m y0rusy5003 ca 
101 0 |a rus 
102 |a RU 
105 |a a z 001zy 
200 1 |a Теория не локально связных континуумов  |e учебное пособие  |f А. А. Одинцов  |g Московский государственный университет им. М. В. Ломоносова (МГУ) 
210 |a Москва  |c Изд-во МГУ  |d 1991 
215 |a 164 с.  |c ил. 
320 |a Библиогр.: с. 161-162. 
610 1 |a континуумы 
610 1 |a теория 
610 1 |a псевдодуга 
610 1 |a псевдоокружность 
610 1 |a однородные кривые 
675 |a 515.12  |v 3 
700 1 |a Одинцов  |b А. А.  |g Андрей Альбертович  |4 070 
712 0 2 |a Московский государственный университет им. М. В. Ломоносова (МГУ)  |2 stltpush  |3 (RuTPU)RU\TPU\col\7 
801 0 |a RU  |b RuMRKP  |c 19950417  |g psbo 
801 1 |a RU  |b 63413507  |c 20090619  |g PSBO 
801 2 |a RU  |b 63413507  |c 20100209  |g PSBO 
942 |c BK